Ethnic politics in Eastern Europe : a guide to nationality policies, organizations, and parties
Αποθηκεύτηκε σε:
| Κύριος συγγραφέας: | |
|---|---|
| Μορφή: | Βιβλίο |
| Γλώσσα: | English |
| Δημοσίευση: |
Armonk :
M. E. Sharpe,
c1995
|
| Θέματα: | |
| Ετικέτες: |
Προσθήκη ετικέτας
Δεν υπάρχουν, Καταχωρήστε ετικέτα πρώτοι!
|
MARC
| LEADER | 00000nam a2200000 i 4500 | ||
|---|---|---|---|
| 001 | 1/70084 | ||
| 008 | 981119s1995 eng d | ||
| 020 | |a 1-56324-283-4 | ||
| 035 | |l 10030541 | ||
| 040 | |a GR-MY-UA |b gre |e aacr | ||
| 041 | 0 | |a eng | |
| 082 | 0 | |a 305.800947 | |
| 100 | 1 | |a Bugajski, Janusz |d 1954- | |
| 245 | 1 | 0 | |a Ethnic politics in Eastern Europe : |b a guide to nationality policies, organizations, and parties / |c Janusz Bugajski |
| 260 | |a Armonk : |b M. E. Sharpe, |c c1995 | ||
| 300 | |a 493 p. | ||
| 504 | |a Includes bibliographical references and index | ||
| 650 | 0 | 0 | |a Nationalism |z Europe. |
| 650 | 0 | 0 | |a Minorities |z Europe, Eastern. |
| 651 | 0 | |a Europe, Eastern |x Ethnic relations. | |
| 651 | 0 | |a Europe, Eastern |x Politics and government |y 1989- | |
| 852 | |a INST |b LESVOS |e 19981119 |h 305.800947 BUG |p 005100012702 |q 005100012702 |t BK |y 0 | ||
| 901 | |a BIBL-1998-3 | ||
| 909 | |a Λ |b 059839 | ||
| 922 | |a 1ΕΛΗ |b 199810 |c ΚΠΣ/ΤΚΑ |d ΠΑΠΑΣΩΤΗΡΙΟΥ | ||
| 950 | |a 117-1998-07-08 | ||